| 000 | 00648cam a2200181 i 4500 | ||
|---|---|---|---|
| 005 | 20251108175925.0 | ||
| 008 | 250721s2023 jo g 000 0 ara d | ||
| 082 | 1 | 4 | _a811.009/نشو |
| 100 | 1 |
_aنشوان, حسين عبد الله عبد القادر _eمؤلف. |
|
| 245 | 1 | 0 |
_aمثيولوجيا الأنثى في شعر راشد عيسى / _cحسين نشوان. |
| 264 | 1 |
_aعمان : _bالآن ناشرون و موزعون، _c2023. |
|
| 300 | _a158 صفحة. | ||
| 650 | 1 | 7 | _aالشعر العربي |
| 650 | 1 | 7 | _aالتحليل الادبي |
| 650 | 1 | 7 | _aالنقد الادبي |
| 942 |
_2ddc _cBK |
||
| 999 |
_c145632 _d145632 |
||